Tôi đã làm giàu như thế : Kinh nghiệm của một tỷ phú
Quyển sách nói về cuộc đời và sự nghiệp của tỷ phú Donald J. Trump
Sparad:
| Huvudupphovsman: | |
|---|---|
| Materialtyp: | Bok |
| Språk: | Undetermined |
| Publicerad: |
Thành phố Hồ Chí Minh
Trẻ
2006
|
| Ämnen: | |
| Taggar: |
Lägg till en tagg
Inga taggar, Lägg till första taggen!
|
| Thư viện lưu trữ: | Trung tâm Học liệu Trường Đại học Cần Thơ |
|---|
| LEADER | 00844nam a2200217Ia 4500 | ||
|---|---|---|---|
| 001 | CTU_123861 | ||
| 008 | 210402s9999 xx 000 0 und d | ||
| 020 | |c 36000 | ||
| 082 | |a 650.12 | ||
| 082 | |b T867 | ||
| 100 | |a Trump, Donald J. | ||
| 245 | 0 | |a Tôi đã làm giàu như thế : | |
| 245 | 0 | |b Kinh nghiệm của một tỷ phú | |
| 245 | 0 | |c Donald J. Trump, Meredith McIver; Nguyễn Huỳnh Điệp biên dịch | |
| 260 | |a Thành phố Hồ Chí Minh | ||
| 260 | |b Trẻ | ||
| 260 | |c 2006 | ||
| 520 | |a Quyển sách nói về cuộc đời và sự nghiệp của tỷ phú Donald J. Trump | ||
| 650 | |a Success in business.,Management. | ||
| 904 | |i Minh ; "Hiếu nhỏ" chuyển số CUTTER từ T871 thành T867 | ||
| 980 | |a Trung tâm Học liệu Trường Đại học Cần Thơ | ||